000 01560nam a2200337Ia 4500
001 18624
003 IT-RoPAU
008 130308s9999 xx 000 0 und d
040 _aIT-RoPAU
040 _cIT-RoPAU
041 _aFRANCESE
100 _aBoulez Pierre
100 _gCodice Aut. SPICS: 8911
242 _aPUNTI DI RIFERIMENTO
242 _nCod. Traduzione Titolo: 25078
242 _yITA
245 _aPoints de repere
245 _bPoints de Repere
250 _a1a ed.
260 _aPARIS
260 _bBourgois Crhistian
260 _c1981 [1° Ed.:1981 - Ed.Ling.Originale:1981]
300 _a"576 p. (prefazione: no ; testo: 576)"
500 _aPunti di Riferimento. Testi Riuniti e Presentati da Jean Jacques Nattiez. Immagini: Maestria e Mestiere: Estetica, Gusto, Forma, Tempo e notazione Musicale, Compositore, Improvvisazione, Suono Parola e Musica, Poesia Sonata e Polifonia. Sguardo Sugli Altri: Wagner, Berlioz, Mahler, Kandinskij, Schonberg, Messiaen, Debussy, Stravinskij, Webern, Berg, Varese, Bartok. testo e Sua Realta': Dire, Suonare e Cantare, Interpretazione di Wozzeck e di Lulu. itinerario Retrospettivo: Campo Musicale, Orchestra, Sala, Repertorio, Pubblico, Novità nella Musica. Epitaffi, Omaggi e Iscrizioni: Wolfgang Steinecke, Arcani Varese, Hermann Scherchen, Hans Rosbaud, T.W. Adorno, Heinrich Strobel, Bruno Maderna, Olivier Messiaen, Gaetan Picon.
650 _aLINGUAGGIO MUSICALE
650 _eCodice materia Spics: 7004
942 _cBK
957 _71
999 _c73648
_d73648
999 _bSI
999 _g1